Driving Digital Strategy : (Record no. 30866)

MARC details
000 -LEADER
fixed length control field 00839nam a22002777a 4500
003 - CONTROL NUMBER IDENTIFIER
control field MOSTI LIBRARY
005 - DATE AND TIME OF LATEST TRANSACTION
control field 20260513153503.0
008 - FIXED-LENGTH DATA ELEMENTS--GENERAL INFORMATION
fixed length control field 260513b |||||||| |||| 00| 0 eng d
020 ## - INTERNATIONAL STANDARD BOOK NUMBER
International Standard Book Number 9781633692688
040 ## - CATALOGING SOURCE
Transcribing agency MOSTI LIBRARY
090 00 - LOCALLY ASSIGNED LC-TYPE CALL NUMBER (OCLC); LOCAL CALL NUMBER (RLIN)
Classification number (OCLC) (R) ; Classification number, CALL (RLIN) (NR) 658.4 :
Local cutter number (OCLC) ; Book number/undivided call number, CALL (RLIN) GUP
100 10 - MAIN ENTRY--PERSONAL NAME
Personal name Gupta, Sunil
245 10 - TITLE STATEMENT
Title Driving Digital Strategy :
Remainder of title A Guide to Reimagining Your Business,
Statement of responsibility, etc. Sunil Gupta
264 ## - PRODUCTION, PUBLICATION, DISTRIBUTION, MANUFACTURE, AND COPYRIGHT NOTICE
Place of production, publication, distribution, manufacture Boston, Massachusetts :
Name of producer, publisher, distributor, manufacturer Harvard Business Review Press,
Date of production, publication, distribution, manufacture, or copyright notice 2018
300 ## - PHYSICAL DESCRIPTION
Extent 267pages ;
Dimensions 24cm
336 ## - CONTENT TYPE
Authority record control number or standard number rdacontent
337 ## - MEDIA TYPE
Source rdacarrier
338 ## - CARRIER TYPE
Authority record control number or standard number rdacarrier
650 10 - SUBJECT ADDED ENTRY--TOPICAL TERM
Topical term or geographic name entry element Strategic planning.
650 20 - SUBJECT ADDED ENTRY--TOPICAL TERM
Topical term or geographic name entry element Business planning.
650 20 - SUBJECT ADDED ENTRY--TOPICAL TERM
Topical term or geographic name entry element Technological innovations.
650 20 - SUBJECT ADDED ENTRY--TOPICAL TERM
Topical term or geographic name entry element Information technology
General subdivision Management.
650 20 - SUBJECT ADDED ENTRY--TOPICAL TERM
Topical term or geographic name entry element Digital transformation
General subdivision Business.
942 ## - ADDED ENTRY ELEMENTS (KOHA)
Source of classification or shelving scheme Dewey Decimal Classification
Koha item type Book
Suppress in OPAC No
949 ## - LOCAL PROCESSING INFORMATION (OCLC)
0 019221
Holdings
Withdrawn status Lost status Source of classification or shelving scheme Damaged status Not for loan Home library Current library Shelving location Date acquired Source of acquisition Total Checkouts Full call number Barcode Date last seen Price effective from Koha item type
    Dewey Decimal Classification     MOSTI Library MOSTI Library Open shelf 13/05/2026 SUMBANGAN   658.4 GUP 019221 13/05/2026 13/05/2026 Book